Southeast Asian Countries - Statistics

General Stats
  • This quiz has been taken 39 times
  • The average score is 9 of 11
Answer Stats
Hint Answer % Correct
Kingdom of Cambodia
96%
_____ People's Democratic Republic Lao PDR
92%
_____ Darussalam Brunei
88%
Republic of Indonesia
88%
Republic of the Union of Myanmar
88%
Kingdom of Thailand
88%
Socialist Republic of Vietnam
88%
_____ Malaysia
84%
Democratic Republic of East Timor (Timor-Leste)
80%
Republic of Singapore
80%
Republic of the Philippines
72%
No matching quizzes found
Score Distribution
Percent of People with Each Score
Percentile by Number Answered
Your Score History
You have not taken this quiz